Intermediate Trignometry (Record no. 543889)

000 -LEADER
fixed length control field 00399nam a22001457a 4500
082 ## - DEWEY DECIMAL CLASSIFICATION NUMBER
Classification number 516.24
Author Mark LAL
-- L- 4, P-4
100 ## - MAIN ENTRY--PERSONAL NAME
Personal name Bansi Lal
9 (RLIN) 39389
245 ## - TITLE STATEMENT
Title Intermediate Trignometry
Statement of responsibility, etc. Lal, Bansi
260 ## - PUBLICATION, DISTRIBUTION, ETC.
Place of publication, distribution, etc. Lahore
Name of publisher, distributor, etc. Doaba House Lahore.
526 ## - STUDY PROGRAM INFORMATION NOTE
Program name 0
Interest level 0
Reading level 0
Title point value 516_240000000000000_LAL
650 ## - SUBJECT ADDED ENTRY--TOPICAL TERM
Topical term or geographic name entry element MCE
9 (RLIN) 379
700 ## - ADDED ENTRY--PERSONAL NAME
Personal name Ghulam Abbas Khan
9 (RLIN) 39390
700 ## - ADDED ENTRY--PERSONAL NAME
Personal name Prem Kumar
9 (RLIN) 39391
942 ## - ADDED ENTRY ELEMENTS (KOHA)
Source of classification or shelving scheme
Koha item type Book
Holdings
Withdrawn status Lost status Source of classification or shelving scheme Damaged status Not for loan Permanent Location Current Location Date acquired Total Checkouts Full call number Barcode Date last seen Date last checked out Price effective from Koha item type
          Military College of Engineering (MCE) Military College of Engineering (MCE) 04/07/2014 3 516.24 LAL MCE-1 10/10/2017 10/10/2017 04/07/2014 Book
© 2023 Central Library, National University of Sciences and Technology. All Rights Reserved.